1513 1350 1740 1228 1295 1951 1834 1526 1776 1223 1041 1928 1505 1796 1311 1162 1424 1464 1772 1823 1599 1359 1397 1812 1358 1284 1072 1893 1482 1796 1895 1619 1470 1483 1777 1309 1077 1808 1553 1648 1654 1310 1145 1303 1891 1421 1056 1103 1123 1770 1892 1275 1747 1444 1703 1210 1025 1081 1724 1798 1484 1399 1259 1067 1089 1283 1916 1951 1642 1962 1487 1701 1693 1682 1167 1031 1699 1192 1934 1341 1096 1004 1184 1675 1350 1171 1809 1349 1654 1919 1511 1474 1380 1168 1926 1338 1135 1034 1298 BCNSPRNW ULIB Ver.6.0+V

เปลี่ยนเป็นภาษาไทย

Change to English
 แสดงรายละเอียดบรรณานุกรม
  กลับหน้าหลัก

Brief Record : Get Marc (ISO 2709) : E-mail record : QR code < ปิดหน้าต่าง
LEADER : 00000nam 2200000uu 4500
001    13399113263
003     ULIB
008    110627s||||||||th 000 0 tha d
020    9786167123400
090    นว.^bก423ช มปป.
100 0  กาญจนวณิช
245 00 เช็คบิลคาสโนวา/^cกาญจนวณิช
250    พิมพ์ครั้งที่ 1
260    กรุงเทพฯ :^bกรีนมายด์,^cมปป.
300    400 หน้า
710 1  กรีนมายด์
945    ^p269^l0^i028063
995    ทศพร
999 ^a ใช้งานได้ทุกระบบ
รายการนี้ยังไม่มีแท็ก
คุณยังไม่ได้ล็อกอิน คุณสามารถมีกิจกรรมร่วมกับเว็บไซต์ได้ แต่ต้องล็อกอินก่อน ::
  ล็อกอิน

รายการสื่อสารสนเทศ

ลำดับที่ ประเภท เลขเรียก/บาร์โค้ด สถานที่ สถานะ
- ไม่พบข้อมูล -

BibComment


ยังไม่เคยถูกคอมเมนท์

คอมเมนท์ทรัพยากรรายการนี้
  คอมเมนท์: เช็คบิลคาสโนวา กา..


 Copyright 2026. Bcnsprnw @Library